| 000 | 00432nam a2200181Ia 4500 | ||
|---|---|---|---|
| 001 | 1221 | ||
| 005 | 20260306140616.0 | ||
| 008 | 260306t1975||||xx |||||||||||||| ||spa|| | ||
| 041 | _aESP | ||
| 082 |
_a189.42 _bD92 |
||
| 100 |
_aDoriga, Enrique L. _eAUT |
||
| 245 | 0 | _aLa aventura intelectual de Santo Tomas | |
| 260 | _c1975 | ||
| 300 |
_a146 páginas : _c18 cm. |
||
| 650 | _aGEN | ||
| 654 | _aCHU | ||
| 942 |
_cLIB _dJUS _fJUS _2ddc _n |
||
| 999 |
_c1221 _d1221 |
||